| 000 | 00722nam a2200229Ia 4500 | ||
|---|---|---|---|
| 003 | IN-BaIIA | ||
| 008 | 211028s9999 xx 000 0 eng d | ||
| 020 | _a90-277-2705-8 | ||
| 040 | _cIIA Library | ||
| 080 |
_a082.2:52 _bIAU-S129 |
||
| 245 | 4 |
_aThe impact of VLBI on astrophysics and geophysics _cedited by M. J. Reid and J. M. Moran |
|
| 260 |
_aDordrecht _bKluwer Academic _c1988 |
||
| 300 | _axxx, 599p. | ||
| 490 | _aIAU Symposium; no. 129 | ||
| 650 | _aAstronomy and Astrophysics thesaurus | ||
| 650 |
_aGeophysics _954 |
||
| 650 |
_aRadio astrophysics _915793 |
||
| 650 |
_aVerylong raseline interferometry _915794 |
||
| 700 |
_aMoran, J. M., ed. _915795 |
||
| 700 |
_aReid, M. J., ed. _915796 |
||
| 942 | _cBK | ||
| 999 |
_c9382 _d9382 |
||